World atlas of agriculture (Record no. 42397)
[ view plain ]
| 000 -LEADER | |
|---|---|
| fixed length control field | 00552nam a22001457a 4500 |
| 008 - FIXED-LENGTH DATA ELEMENTS--GENERAL INFORMATION | |
| fixed length control field | 230612b |||||||| |||| 00| 0 eng d |
| 040 ## - CATALOGING SOURCE | |
| Original cataloging agency | National Science Library |
| Transcribing agency | National Science Library |
| 080 ## - UNIVERSAL DECIMAL CLASSIFICATION NUMBER | |
| Universal Decimal Classification number | R 63(084.4) |
| Item number | K9.2 |
| 245 ## - TITLE STATEMENT | |
| Title | World atlas of agriculture |
| Statement of responsibility, etc. | / International Association of Agricultural Economists |
| 260 ## - PUBLICATION, DISTRIBUTION, ETC. | |
| Place of publication, distribution, etc. | Novara: |
| Name of publisher, distributor, etc. | Committee for the World Atlas of Agriculture, |
| Date of publication, distribution, etc. | 1973 |
| 500 ## - GENERAL NOTE | |
| General note | Vol. 2 (Asia and Oceania; xi, 671p.)<br/>Vol. 3 (Americas; viii, 497p.) |
| 650 ## - SUBJECT ADDED ENTRY--TOPICAL TERM | |
| Topical term or geographic name entry element | Agriculture |
| 653 ## - INDEX TERM--UNCONTROLLED | |
| Uncontrolled term | Atlas |
| 942 ## - ADDED ENTRY ELEMENTS (KOHA) | |
| Source of classification or shelving scheme | Universal Decimal Classification |
| Koha item type | Reference |
| Withdrawn status | Lost status | Source of classification or shelving scheme | Damaged status | Not for loan | Collection | Home library | Current library | Shelving location | Date acquired | Serial Enumeration / chronology | Total Checkouts | Full call number | Barcode | Date last seen | Price effective from | Koha item type |
|---|---|---|---|---|---|---|---|---|---|---|---|---|---|---|---|---|
| Universal Decimal Classification | Reference | National Science Library | National Science Library | GF/Rk-22/C-10/R-1 | 09/09/1975 | Vol. 2 (Asia and Oceania; xi, 671p.) | R 63(084.4) K9.2 | 65325 | 12/06/2023 | 09/09/1975 | Reference |